LDR 01077naa#a2200169#i#450# 001 RU\\bibl\120692 005 20260705154033.7 011 ## _a2687-0185 100 ## _a20251202b2025####ek#y0rusy0150####ca 102 ## _aRU 200 1# _aК вопросу применения оперативными подразделениями органов внутренних дел информационно-аналитических учетов федеральных органов исполнительной власти для решения задач по противодействию экстремистской деятельности религиозных объединений _eЖурнальная статья 210 1# _aМосква _cМосковский университет МВД России имени В.Я. Кикотя _d2025 215 ## _a5 с. 608 ## _aЖурнальная статья _2local 675 ## _aПраво. Юридические науки. 34 _z 700 #1 _aВихляев _gАлександр Александрович 856 4# _amosumvd.editorum.ru _u